000 00230nam a2200097Ia 4500
008 230915s9999 xx 000 0 und d
050 _aHB 172.5 .B692 2005 C.1
100 _a BOYES,WILLIAM
245 0 _aMACROECONOMICS
942 _cBK
999 _c74014
_d74014